UBT Library

Nurse's fast facts : (Record no. 43712)

000 -LEADER
fixed length control field 00773cam a22002534a 4500
001 - CONTROL NUMBER
control field 13485734
005 - DATE AND TIME OF LATEST TRANSACTION
control field 20180228074550.0
008 - FIXED-LENGTH DATA ELEMENTS--GENERAL INFORMATION
fixed length control field 040209s2004 paua f 001 0 eng
010 ## - LIBRARY OF CONGRESS CONTROL NUMBER
LC control number 2004043215
020 ## - INTERNATIONAL STANDARD BOOK NUMBER
International Standard Book Number 0803611617
035 ## - SYSTEM CONTROL NUMBER
System control number (DNLM)101206278
040 ## - CATALOGING SOURCE
Original cataloging agency DNLM/DLC
Transcribing agency DLC
Modifying agency DLC
041 ## - LANGUAGE CODE
Language code of text/sound track or separate title eng
042 ## - AUTHENTICATION CODE
Authentication code pcc
060 10 - NATIONAL LIBRARY OF MEDICINE CALL NUMBER
Classification number WY 49
Item number H745n 2004
080 ## - UNIVERSAL DECIMAL CLASSIFICATION NUMBER
Universal Decimal Classification number 610.73 wal
082 00 - DEWEY DECIMAL CLASSIFICATION NUMBER
Classification number 610.73 wal
Edition number 22
100 1# - Rafti
Rafti 3
101 ## - Shkurtesa
Shkurtesa shm
245 10 - TITLE STATEMENT
Title Nurse's fast facts :
Statement of responsibility, etc Brenda Walters Holloway.
906 ## - LOCAL DATA ELEMENT F, LDF (RLIN)
a 7
b cbc
c orignew
d 1
e ocip
f 20
g y-gencatlg
942 ## - ADDED ENTRY ELEMENTS (KOHA)
Source of classification or shelving scheme
Item type Books
Holdings
Withdrawn status Lost status Source of classification or shelving scheme Damaged status Not for loan Collection code Permanent location Current location Shelving location Date acquired Total Checkouts Full call number Barcode Date last seen Price effective from Koha item type
          Koleksioni i përgjithshem UBT - Lipjan UBT - Lipjan Koleksioni i përgjithshem 02/28/2018   610.73 wal 002-3000125 02/28/2018 02/28/2018 Books
UBT Library © 2015-2024. All rights reserved University Education for Business and Technology